000 00468pab a2200169 454500
008 180718b1998 xxu||||| |||| 00| 0 eng d
100 _aPant, J.C.
245 _aNational policies for natural resources management at grassroot level: Overview (Document)
260 _c1998
300 _ap.241-245.
362 _aApr-Jun
650 _aDocument
650 _aNatural resources
773 _aIndian Journal of Public Administration
908 _aN
909 _a87823
999 _c87823
_d87823